Curso de economía moderna (Registro nro. 1090)

Detalles MARC
000 -LEADER
fixed length control field 01042 a2200229 4500
001 - CONTROL NUMBER
control field 23176
005 - DATE AND TIME OF LATEST TRANSACTION
control field 20260407155520.0
008 - FIXED-LENGTH DATA ELEMENTS--GENERAL INFORMATION
fixed length control field 260407a1968 arg spa d
003 - CONTROL NUMBER IDENTIFIER
control field AR-UNSa-BCEJYS
040 ## - CATALOGING SOURCE
Original cataloging agency AR-UNSa-BCEJYS
Language of cataloging spa
Transcribing agency AR-UNSa-BCEJYS
080 ## - UNIVERSAL DECIMAL CLASSIFICATION NUMBER
Universal Decimal Classification number 330
Common auxiliary subdivision Economía en general
100 1# - MAIN ENTRY--PERSONAL NAME
Personal name Samuelson, Paul A.
245 10 - TITLE STATEMENT
Title Curso de economía moderna
Name of part/section of a work una descripción análitica de la realidad económica
250 ## - EDITION STATEMENT
Edition statement 16a. ed
264 #1 - PRODUCTION, PUBLICATION, DISTRIBUTION, MANUFACTURE, AND COPYRIGHT NOTICE
Place of production, publication, distribution, manufacture Madrid :
Name of producer, publisher, distributor, manufacturer Aguilar
Date of production, publication, distribution, manufacture, or copyright notice 1968
300 ## - PHYSICAL DESCRIPTION
Extent xvi, 960 p.
Dimensions 21 cm.
505 ## - FORMATTED CONTENTS NOTE
Formatted contents note 1. Conceptos básicos de economía y de la renta nacional - 2. La renta nacional: su determinación y sus fluctuaciones - 3. Los precios de la producción nacional: su composición y determinación - 4. Distribución de la renta. Formación de los precios de los factores de la producción - 5. Las finanzas y el comercio internacional - 6. Problemas económicos actuales
590 ## - LOCAL NOTE (RLIN)
Local note niveau_biblio:m niveau_hierar:0
700 1# - ADDED ENTRY--PERSONAL NAME
Personal name Sampedro, José Luis
700 1# - ADDED ENTRY--PERSONAL NAME
Personal name Barinaga Blanco, Jose Luis
942 ## - ADDED ENTRY ELEMENTS (KOHA)
Koha item type
Existencias
Withdrawn status Lost status Damaged status Not for loan Home library Current library Shelving location Date acquired Total checkouts Full call number Barcode Date last seen Price effective from Koha item type Public note
        Biblioteca Prof. Eusebio Cleto del Rey Biblioteca Prof. Eusebio Cleto del Rey   07/04/2026   330 S187c 16ed. L23499 07/04/2026 07/04/2026 Libro  
        Biblioteca Prof. Eusebio Cleto del Rey Biblioteca Prof. Eusebio Cleto del Rey   07/04/2026   330 S187c 16ed. L25723 07/04/2026 07/04/2026 Libro  
        Biblioteca Prof. Eusebio Cleto del Rey Biblioteca Prof. Eusebio Cleto del Rey   07/04/2026   330 S187c 16ed. L23500 07/04/2026 07/04/2026 Libro  
        Biblioteca Prof. Eusebio Cleto del Rey Biblioteca Prof. Eusebio Cleto del Rey   07/04/2026   330 S187c 16ed. L21518 07/04/2026 07/04/2026 Libro  
        Biblioteca Prof. Eusebio Cleto del Rey Biblioteca Prof. Eusebio Cleto del Rey   07/04/2026   330 S187c 16ed. L25720 07/04/2026 07/04/2026 Libro  
        Biblioteca Prof. Eusebio Cleto del Rey Biblioteca Prof. Eusebio Cleto del Rey   07/04/2026   330 S187c 16ed. L25725 07/04/2026 07/04/2026 Libro PÁG 68 CON LAPICERA - LÁPIZ
        Biblioteca Prof. Eusebio Cleto del Rey Biblioteca Prof. Eusebio Cleto del Rey   07/04/2026   330 S187c 16ed. L25724 07/04/2026 07/04/2026 Libro  
        Biblioteca Prof. Eusebio Cleto del Rey Biblioteca Prof. Eusebio Cleto del Rey   07/04/2026   330 S187c 16ed. L25722 07/04/2026 07/04/2026 Libro  
        Biblioteca Prof. Eusebio Cleto del Rey Biblioteca Prof. Eusebio Cleto del Rey   07/04/2026   330 S187c 16ed. L25721 07/04/2026 07/04/2026 Libro